| 000 | 00918nas a2200313 4500 | ||
|---|---|---|---|
| 001 | BR0904558 | ||
| 003 | BR-BrBNA | ||
| 005 | 20231205113330.0 | ||
| 007 | ta | ||
| 008 | 230509b bl.|||p| |||| 00| 00por d | ||
| 040 |
_aBR-BrBNA _bpor _cBiblioteca Nacional de Agricultura |
||
| 041 | _a(Pt) | ||
| 072 | _aF02 | ||
| 100 | 1 | _aFernandes, K.H.P. | |
| 100 | 1 | _aMori, E.S. | |
| 100 | 1 | _aSilva, M.R. da | |
| 100 | 1 | _aPinto, C. da S. | |
| 245 | 1 | _aPropagação vegetativa de aroeira-pimenteira (Schinus terebinthifolius Raddi) | |
| 650 | _aÁRVORE ANGIOSPERMA | ||
| 650 | _aAROEIRA | ||
| 650 | _aPROPAGAÇÃO VEGETATIVA | ||
| 650 | _aCLONAGEM | ||
| 650 | _aENXERTO | ||
| 650 | _aGARFAGEM | ||
| 650 | _aSÃO PAULO | ||
| 773 | 0 |
_tRevista Brasileira de Fruticultura (Brazil) _xISSN 0100 2945 _g(Sep 2008), v. 30(3) p. 853-856 _wBR0904558 |
|
| 909 |
_a202311 _bLúcia _c55 _dLúcia Elande |
||
| 942 |
_2AGRIS _n0 _cANA |
||
| 999 |
_c203192 _d203192 |
||